Countries Jacob Zuma Visited - Statistics

General Stats
  • This quiz has been taken 25 times
  • The average score is 35 of 57
Answer Stats
Continent Country % Correct
North America United States of America
93%
South America Brazil
86%
North America Canada
86%
North America Mexico
86%
Africa Angola
79%
Oceania Australia
79%
Africa Egypt
79%
Africa Ethiopia
79%
Asia/ Europe Russia
79%
Africa Zambia
79%
Africa Zimbabwe
79%
Africa Algeria
71%
Asia China
71%
North America Cuba
71%
Africa Democratic Republic of the Congo
71%
Europe France
71%
Europe Italy
71%
Africa Kenya
71%
Africa Nigeria
71%
Africa Uganda
71%
Europe United Kingdom
71%
Africa Botswana
64%
Europe Denmark
64%
Africa Eswatini
64%
Africa Ghana
64%
Asia India
64%
Asia Japan
64%
Africa Lesotho
64%
Africa Mozambique
64%
Africa Senegal
64%
Asia South Korea
64%
Africa Benin
57%
Africa Burundi
57%
Africa Chad
57%
Asia Iran
57%
Africa Libya
57%
Africa Malawi
57%
Africa Namibia
57%
Europe Norway
57%
Africa Rwanda
57%
Africa Sudan
57%
Africa Tanzania
57%
Africa Guinea
50%
Asia Indonesia
50%
Africa Ivory Coast
50%
Asia Malaysia
50%
Africa Mauritania
50%
Asia Oman
50%
Africa Equatorial Guinea
43%
Asia Qatar
43%
Africa South Sudan
43%
North America Trinidad and Tobago
43%
Asia United Arab Emirates
43%
Africa Seychelles
36%
Europe Switzerland
36%
Asia Sri Lanka
29%
Africa Republic of Congo
14%
No matching quizzes found
Score Distribution
Percent of People with Each Score
Percentile by Number Answered
Your Score History
You have not taken this quiz